Philippe Hanus, Carte de séjour. Un groupe rock dans la « douce France » des années 1980 (notice n° 1642324)
[ vue normale ]
| 000 -LEADER | |
|---|---|
| fixed length control field | 01173cam a2200217 4500500 |
| 005 - DATE AND TIME OF LATEST TRANSACTION | |
| control field | 20260201130603.0 |
| 041 ## - LANGUAGE CODE | |
| Language code of text/sound track or separate title | fre |
| 042 ## - AUTHENTICATION CODE | |
| Authentication code | dc |
| 100 10 - MAIN ENTRY--PERSONAL NAME | |
| Personal name | Servat, Véronique |
| Relator term | author |
| 245 00 - TITLE STATEMENT | |
| Title | Philippe Hanus, Carte de séjour. Un groupe rock dans la « douce France » des années 1980 |
| 260 ## - PUBLICATION, DISTRIBUTION, ETC. | |
| Date of publication, distribution, etc. | 2026.<br/> |
| 500 ## - GENERAL NOTE | |
| General note | 25 |
| 520 ## - SUMMARY, ETC. | |
| Summary, etc. | La 20e édition du festival Arabesques se tenait à Montpellier du 9 au 21 septembre 2025. Son affiche copieuse, présentant des spectacles de danse, d’humour et surtout de musique, confirmait sa réputation de plus importante manifestation européenne privée consacrée à la diversité artistique du monde arabe. Une belle occasion de revenir sur le parcours atypique et inspirant de Habib Dechraoui, fondateur de l’association UNi’SONS, puis concepteur et directeur du Festival Arabesques. |
| 690 ## - LOCAL SUBJECT ADDED ENTRY--TOPICAL TERM (OCLC, RLIN) | |
| Topical term or geographic name as entry element | Carte de séjour |
| 690 ## - LOCAL SUBJECT ADDED ENTRY--TOPICAL TERM (OCLC, RLIN) | |
| Topical term or geographic name as entry element | groupe |
| 690 ## - LOCAL SUBJECT ADDED ENTRY--TOPICAL TERM (OCLC, RLIN) | |
| Topical term or geographic name as entry element | musique |
| 690 ## - LOCAL SUBJECT ADDED ENTRY--TOPICAL TERM (OCLC, RLIN) | |
| Topical term or geographic name as entry element | Rachid Taha |
| 690 ## - LOCAL SUBJECT ADDED ENTRY--TOPICAL TERM (OCLC, RLIN) | |
| Topical term or geographic name as entry element | rock |
| 786 0# - DATA SOURCE ENTRY | |
| Note | Mondes & Migrations | - | 1 | 2026-01-06 | p. 207-208 | 3075-6812 |
| 856 41 - ELECTRONIC LOCATION AND ACCESS | |
| Uniform Resource Identifier | <a href="https://shs.cairn.info/revue-mondes-migrations-2026-1-page-207?lang=fr&redirect-ssocas=7080">https://shs.cairn.info/revue-mondes-migrations-2026-1-page-207?lang=fr&redirect-ssocas=7080</a> |
Pas d'exemplaire disponible.




Réseaux sociaux